[Event "Minsk op"]
[Site "Minsk"]
[Date "1997.??.??"]
[Round "2"]
[White "Pavlov, Maxim"]
[Black "Zakharevich, Igor"]
[Result "0-1"]
[WhiteElo "2305"]
[BlackElo "2505"]

1.e4 g6 2.d4 Bg7 3.Nc3 d6 4.f4 Nf6 5.Nf3 O-O 6.Bd3 Nc6 7.e5 dxe5 8.dxe5 Nd5
9.Nxd5 Qxd5 10.Qe2 Bf5 11.Bxf5 gxf5 12.Bd2 f6 13.Bc3 fxe5 14.Bxe5 Nxe5 15.Nxe5 Qd4
16.Qc4+ Qxc4 17.Nxc4 b5 18.Ne5 Bxe5 19.fxe5 Rad8 20.a4 b4 21.Rd1 Rxd1+ 22.Kxd1 Kf7
23.Rf1 Ke6 24.Rf4 Rg8 25.Rxb4 Rxg2 26.Rh4 Kxe5 27.Rxh7 Kd6 28.Rh6+ e6 29.h4 f4
30.Rf6 Ke5 31.Rf7 Ke4 32.Rxc7 f3 33.Ke1 e5 34.Kf1 Ke3 35.b4 Rh2 36.Rc3+ Kf4
37.b5 e4 38.a5 Kg3  0-1

[Event "Mondariz op"]
[Site "Mondariz"]
[Date "1997.??.??"]
[Round "?"]
[White "Izeta Txabarri, Felix"]
[Black "Ribeiro, Fernando"]
[Result "1-0"]
[WhiteElo "2525"]
[BlackElo "2340"]

1.d4 d6 2.e4 g6 3.Nc3 Bg7 4.Be3 c6 5.Qd2 b5 6.Bd3 a6 7.a4 Bb7 8.Nf3 Nd7 9.O-O Ngf6
10.e5 dxe5 11.dxe5 Ng4 12.e6 Nde5 13.Nxe5 Nxe5 14.exf7+ Nxf7 15.Rfe1 O-O
16.Bc5 Nd6 17.Rad1 Qc7 18.h4 Rf7 19.h5 gxh5 20.Qg5 Raf8 21.Re3 Nf5 22.Qxh5 Bxc3
23.Bxf5 Rxf5 24.Qg4+ Kh8 25.bxc3 h5 26.Qg6 Rxc5 27.Qh6+ Kg8 28.Qg6+ Kh8 29.Rg3 Qxg3
30.Qxg3 Bc8 31.Qc7 bxa4 32.Rd8 Rf5 33.Qxc8  1-0

[Event "Montcada op"]
[Site "Montcada"]
[Date "1997.??.??"]
[Round "9"]
[White "Bjerring, Kai"]
[Black "Gonzalez, Jorge"]
[Result "1-0"]
[WhiteElo "2315"]
[BlackElo "2350"]

1.e4 g6 2.d4 Bg7 3.Nc3 d6 4.f4 c6 5.Be3 d5 6.e5 h5 7.Nf3 Nh6 8.Qd2 Bf5 9.h3 Qa5
10.Be2 Na6 11.O-O Nc7 12.b4 Qxb4 13.Rfb1 Qa5 14.Rxb7 Ne6 15.Rab1 Nd8 16.R7b2 O-O
17.Kh2 Bc8 18.g3 Ba6 19.Bxa6 Qxa6 20.Qd3 Qc8 21.Ne2 Nf5 22.Bf2 f6 23.c4 Nf7
24.cxd5 cxd5 25.Nc3 Qe6 26.Na4 fxe5 27.Nc5 Qc6 28.dxe5 Rac8 29.Nd4 Nxd4 30.Bxd4 Nh6
31.h4 Nf5 32.Bf2 Rfd8 33.Nb3 Qc4 34.Rd1 a6 35.Rbd2 Qxd3 36.Rxd3 e6 37.Bb6 Rc2+
38.R1d2 Rdc8 39.Bf2 Bf8 40.Rxc2 Rxc2 41.Rd2 Rc4 42.Kg2 Bb4 43.Rb2 Kf7 44.a3 Be7
45.Na5 Rc3 46.Rb7 Rc2 47.Kg1 Ke8 48.Rb6 d4 49.Rb8+ Kf7 50.Rb3 Rc3 51.a4 Rxb3
52.Nxb3 d3 53.Be1 Nd4 54.Nxd4 Bc5 55.Kf2 Bxd4+ 56.Kf3 Ke8 57.Bd2 Kd7 58.Ke4 Bf2
59.Kf3 Bg1 60.Be3 d2 61.Bxd2 Bc5 62.g4 hxg4+ 63.Kxg4 Ke7 64.h5 gxh5+ 65.Kxh5 Kf7
66.Ba5 Be3 67.Kg4 Kg6 68.Kf3 Bc5 69.Ke4 Ba3 70.Bd2 Bc5 71.f5+ exf5+ 72.Kd5 Ba3
73.Ke6 Bc5 74.Bf4 Bb4 75.Kd7 Be1 76.e6 Bh4 77.e7 Bxe7 78.Kxe7 Kh5 79.Kd7 Kg4
80.Bb8 f4 81.Kc6 f3 82.Ba7 Kg3 83.Kb7 f2 84.Bxf2+ Kxf2 85.Kxa6 Ke3 86.Kb7 Kd4
87.a5  1-0

[Event "Amber-rapid 6th"]
[Site "Monte Carlo"]
[Date "1997.??.??"]
[Round "9"]
[White "Anand, Viswanathan"]
[Black "Van Wely, Loek"]
[Result "1-0"]
[WhiteElo "2765"]
[BlackElo "2645"]

1.e4 d6 2.d4 g6 3.Nc3 Bg7 4.Nf3 Nf6 5.Be2 O-O 6.O-O a6 7.Re1 b5 8.e5 dxe5
9.dxe5 Ng4 10.h3 Nh6 11.Qd5 Qxd5 12.Nxd5 e6 13.Nf6+ Bxf6 14.exf6 Nf5 15.Ne5 Bb7
16.Bf4 Rd8 17.Rad1 Nd6 18.c4 Nc6 19.c5 Nxe5 20.Bxe5 Ne8 21.Rxd8 Rxd8 22.Rd1 Bd5
23.a4 bxa4 24.Rd4 Ra8 25.Rxa4 Bb7 26.f4 h5 27.g4 hxg4 28.hxg4 a5 29.Kf2 Bc6
30.Bf3 Bxa4 31.Bxa8 c6 32.g5 Bb5 33.Bb7 Kf8 34.Bc8 Kg8 35.Bd7 Kf8 36.Ke3 Ba4
37.Kd4 Bb5 38.Kc3 Ba4 39.b3 Bb5 40.Kb2 a4 41.b4  1-0

[Event "Moravia-chT 9697"]
[Site "?"]
[Date "1997.??.??"]
[Round "?"]
[White "Kupka, Slavoj"]
[Black "Chytilek, Roman"]
[Result "1/2-1/2"]
[WhiteElo "2365"]
[BlackElo "2355"]

1.d4 g6 2.e4 Bg7 3.Nc3 d6 4.Be3 b6 5.Qd2 Bb7 6.f3 Nd7 7.Nh3 c5 8.d5 a6 9.a4 Ne5
10.Be2 Nf6 11.Nf2 h5 12.h3 h4 13.f4 Ned7 14.O-O-O Nh5 15.Bf3 Ng3 16.Rhe1 Kf8
17.Ng4 Nf6 18.Nxf6 Bxf6 19.e5 Bg7 20.Bf2 Nf5 21.Bg4 Bc8 22.Qd3 Rh6 23.Re2 Ra7
24.Rde1 Kg8 25.Re4 Kh7 26.R4e2 Kg8 27.Re4 Kh7 28.R4e2 Kg8  1/2-1/2

[Event "Goldberg mem"]
[Site "Moscow "]
[Date "1997.??.??"]
[Round "10"]
[White "Yagupov, Igor"]
[Black "Yuferov, Sergey  N"]
[Result "1/2-1/2"]
[WhiteElo "2420"]
[BlackElo "2405"]

1.e4 g6 2.d4 Bg7 3.Nc3 d6 4.Be3 a6 5.Qd2 b5 6.a4 b4 7.Nd1 a5 8.c3 Nf6 9.f3 bxc3
10.bxc3 Ba6 11.Bxa6 Nxa6 12.Ne2 c5 13.dxc5 Nxc5 14.Bxc5 dxc5 15.Qxd8+ Kxd8
16.Nb2 Nd7 17.Nc4 Kc7 18.O-O-O Rhb8 19.Kc2 Nb6 20.Nxb6 Rxb6 21.Rb1 Rab8 22.Rxb6 Rxb6
23.Rd1 e6 24.f4 f5 25.Rd3 Rd6 26.Rh3 h6 27.Rg3 g5 28.exf5 exf5 29.fxg5 hxg5
30.Rxg5 Bh6 31.Rh5 Rd2+ 32.Kb3 Rxe2 33.Rxh6 Rxg2 34.Kc4 f4 35.Kb5 f3 36.Kxa5 Rc2
37.Rf6 Rxc3 38.Kb5 Kd7 39.a5 Ke7 40.Rf4 Kd6 41.a6 Rb3+ 42.Ka4 Rb4+ 43.Rxb4 cxb4
44.a7 f2 45.a8=Q f1=Q  1/2-1/2

[Event "Goldberg mem"]
[Site "Moscow "]
[Date "1997.??.??"]
[Round "11"]
[White "Komliakov, Viktor"]
[Black "Gelman, Alexander"]
[Result "1-0"]
[WhiteElo "2460"]
[BlackElo "2415"]

1.e4 d6 2.d4 g6 3.Nc3 Bg7 4.Nf3 Nf6 5.Be2 O-O 6.O-O c6 7.a4 Qc7 8.a5 Nbd7
9.Be3 Rb8 10.d5 a6 11.Nd4 Re8 12.f4 Nc5 13.Bf3 e6 14.dxe6 fxe6 15.Nde2 Ncd7
16.g4 Nf8 17.g5 N6d7 18.Na4 c5 19.Bd2 b5 20.axb6 Nxb6 21.Ba5 Nfd7 22.Nec3 Qa7
23.Nxb6 Nxb6 24.Qe2 Qe7 25.Kh1 Rf8 26.Bg2 Nd7 27.b3 Rb7 28.Rad1 Nb8 29.e5 d5
30.Na4 Nc6 31.Bb6 Rf5 32.Bxc5 Qf7 33.Qd2 h6 34.Nb6 Bf8 35.Bxf8 Rxb6 36.Bd6 a5
37.gxh6 Ba6 38.Rf3 Nb4 39.Rg3 Rxf4 40.Rxg6+  1-0

[Event "Goldberg mem"]
[Site "Moscow "]
[Date "1997.??.??"]
[Round "13"]
[White "Odeev, Handszar"]
[Black "Gelman, Alexander"]
[Result "1/2-1/2"]
[WhiteElo "2420"]
[BlackElo "2415"]

1.e4 d6 2.d4 g6 3.Nc3 Bg7 4.Bg5 Nd7 5.Nf3 c6 6.a3 Qc7 7.Bc4 Ngf6 8.O-O O-O
9.Qd2 d5 10.exd5 Nb6 11.Bb3 Nbxd5 12.Rfe1 Be6 13.Bxf6 Bxf6 14.Ng5 Bxg5 15.Qxg5  1/2-1/2

[Event "Kasparov Cup"]
[Site "Moscow"]
[Date "1997.??.??"]
[Round "?"]
[White "Batsanin, Dmitry"]
[Black "Mista, Aleksander"]
[Result "1-0"]
[WhiteElo "2300"]
[BlackElo "2225"]

1.e4 g6 2.d4 Bg7 3.Nc3 d6 4.f4 Nf6 5.Nf3 c5 6.Bb5+ Bd7 7.e5 Ng4 8.Bxd7+ Qxd7
9.d5 dxe5 10.h3 e4 11.Nxe4 Nf6 12.Nxf6+ Bxf6 13.O-O O-O 14.Be3 Na6 15.Ne5 Qf5
16.Ng4 Bg7 17.c4 e6 18.Qf3 Rad8 19.dxe6 Qxe6 20.f5 gxf5 21.Qxf5 Rd6 22.Bg5 f6
23.Nh6+ Kh8 24.Rae1 Qxc4 25.Re7 Nb4 26.Bf4 Rb6 27.Rd1  1-0

[Event "Kasparov Cup"]
[Site "Moscow"]
[Date "1997.??.??"]
[Round "?"]
[White "Grigoriants, Sergey"]
[Black "Mista, Aleksander"]
[Result "1-0"]
[WhiteElo "2315"]
[BlackElo "2225"]

1.e4 g6 2.d4 Bg7 3.Nc3 d6 4.Nf3 Nf6 5.h3 O-O 6.Be2 c6 7.O-O Nbd7 8.a4 e5
9.Re1 Qc7 10.Bc4 Re8 11.Ba2 exd4 12.Nxd4 Nc5 13.Qf3 Qe7 14.Bf4 Ne6 15.Be3 Nc5
16.Bf4 Ne6 17.Be3 Nc5 18.Bd2 Ne6 19.Nde2 Bd7 20.Rad1 Rad8 21.Be3 c5 22.Ng3 h6
23.Qe2 Bc6 24.Qd2 Qf8 25.f3 Nd7 26.Nge2 Nb6 27.a5 Na4 28.Nxa4 Bxa4 29.Nc3 Bxc3
30.Qxc3 Qg7 31.Qxg7+ Kxg7 32.Rd2 g5 33.Bc4 Kf6 34.b3 Bc6 35.Red1 Ke7 36.Bxe6 fxe6
37.Rxd6 b6 38.e5 Rc8 39.Ra1 Rc7 40.axb6 axb6 41.Ra6 Rb8 42.Bxc5 Bb7 43.Rc6+  1-0

[Event "Kasparov Cup"]
[Site "Moscow"]
[Date "1997.??.??"]
[Round "?"]
[White "Kuzuev, Danil"]
[Black "Mista, Aleksander"]
[Result "1-0"]
[WhiteElo "2310"]
[BlackElo "2225"]

1.e4 g6 2.d4 Bg7 3.Nc3 d6 4.Be2 Nf6 5.h4 h5 6.Nh3 c6 7.Ng5 b5 8.a3 Nbd7 9.e5 dxe5
10.dxe5 Nh7 11.e6 Ne5 12.Qxd8+ Kxd8 13.exf7 Nxg5 14.Bxg5 Nxf7 15.O-O-O+ Kc7
16.Ne4 Bf5 17.Bd3 Nxg5 18.Nxg5 Bh6 19.Bxf5 gxf5 20.Rde1 Bxg5+ 21.hxg5 Kd6
22.f4 Rae8 23.Re5 e6 24.Rh3 h4 25.b4 a6 26.Kb2 Rh7 27.Kc3 Rg7 28.a4 Rh7 29.Kb3 Kc7
30.Rhe3 Kd6 31.axb5 axb5 32.Rxf5 exf5 33.Rxe8 h3 34.gxh3 Rxh3+ 35.c3 Rh4
36.g6 Rg4 37.Rg8 Ke7 38.g7 Kf7 39.Rf8+ Kxg7 40.Rxf5 Rh4 41.Rc5 Rh6 42.Kc2 Rd6
43.c4 bxc4 44.Kc3 Kf7 45.Rxc4 Rf6 46.Kd3 Rf5 47.Rxc6 Rxf4 48.Rc4 Rf3+ 49.Ke4 Rh3
50.Kd5 Ke7 51.Kc6 Kd8 52.Kb6 Rd3 53.b5 Rd1 54.Ka6 Ra1+ 55.Kb7 Rd1 56.b6 Kd7
57.Kb8 Kd8 58.b7 Kd7 59.Ra4 Rb1 60.Ka8 Kc7 61.Rc4+  1-0

[Event "Moscow"]
[Site "Moscow"]
[Date "1997.??.??"]
[Round "4"]
[White "Medvedkov, Anton"]
[Black "Zhidkov, Valery S"]
[Result "1/2-1/2"]
[WhiteElo "2300"]
[BlackElo "2335"]

1.e4 g6 2.d4 Bg7 3.Nc3 d6 4.Be2 Nc6 5.Nf3 Bg4 6.Be3 e5 7.dxe5 Bxf3 8.Bxf3 Nxe5
9.Be2 Nf6 10.O-O O-O 11.f4 Ned7 12.Bf3  1/2-1/2

[Event "Moscow-ch"]
[Site "Moscow"]
[Date "1997.??.??"]
[Round "5"]
[White "Nikolenko, Oleg"]
[Black "Kornev, Alexei"]
[Result "0-1"]
[WhiteElo "2450"]
[BlackElo "2380"]

1.e4 d6 2.d4 g6 3.Nc3 Bg7 4.Be3 Nf6 5.Qd2 c6 6.Nf3 O-O 7.h3 b5 8.Bd3 Nbd7
9.a4 b4 10.Ne2 a5 11.Bh6 e5 12.Bxg7 Kxg7 13.O-O c5 14.dxe5 Nxe5 15.Nxe5 dxe5
16.Qe3 Qc7 17.b3 Nh5 18.f4 Nxf4 19.Nxf4 exf4 20.Rxf4 Qe5 21.Raf1 Be6 22.Kh1 f6
23.Qe2 Rad8 24.R4f3 Rd4 25.Re3 Rf7 26.Kg1 Rc7 27.Ref3 Rf7 28.R1f2 c4 29.bxc4 Bd7
30.c3 bxc3 31.Qc2 Rd6 32.Be2 Re7 33.Qxc3 Bxa4 34.c5 Qxc3 35.Rxc3 Rde6 36.Bd3 Bc6
37.Ra2 Ra7 38.Rca3 a4 39.Bc2 Re8 40.Kf2 Ra5 41.Rc3 Rea8 42.Raa3 Kf7 43.Rc4 Ke6
44.Ke3 Ke5 45.Kd2 h5 46.g3 g5 47.Kc3 h4 48.g4 Bd7 49.c6 Be6 50.Rcxa4 Rc5+
51.Kd2 Rd8+ 52.Rd3 Rc8 53.Ra7 R8xc6 54.Ba4 Rb6 55.Re7 Kf4 56.Bd1 Rb2+ 57.Ke1 Re5
58.Rf3+ Kxe4 59.Be2 Bc4 60.Rxe5+ fxe5 61.Bd1 Rb1 62.Ra3 Kd4 63.Kd2 e4 64.Ra4 Rb2+
65.Kc1 Ra2 66.Rxa2 Bxa2 67.Kd2 Bc4 68.Ke1 e3  0-1

[Event "Moscow-ch"]
[Site "Moscow"]
[Date "1997.??.??"]
[Round "5"]
[White "Izmukhambetov, Salauat"]
[Black "Khamidullin, Viacheslav"]
[Result "1-0"]
[WhiteElo "2510"]
[BlackElo "2285"]

1.e4 g6 2.d4 Bg7 3.Nc3 d6 4.f4 Nc6 5.Bb5 a6 6.Bxc6+ bxc6 7.Be3 Nf6 8.h3 O-O
9.Nf3 Rb8 10.Rb1 Nd7 11.O-O c5 12.dxc5 Nxc5 13.Bd4 Bd7 14.Bxg7 Kxg7 15.Qd2 a5
16.b3 f6 17.Qe3 Qe8 18.e5 Qf7 19.Rbd1 Rfc8 20.Rfe1 Ne6 21.a3 Re8 22.Ne2 Kh8
23.Nc3 Bc6 24.Nd4 Nxd4 25.Rxd4 Rf8 26.Rc4 Rb6 27.e6 Qe8 28.Ne2 Qa8 29.Nd4 Qb7
30.Qc3 Bxg2 31.Rxc7 Qd5 32.Rxe7 Bxh3 33.Re2 Qh5 34.Qg3 g5 35.f5 g4 36.Rd7 Re8
37.Rxd6 Rxd6 38.Qxd6 g3 39.e7 Qg5 40.Qe6 Kg7 41.Qe3 Qh5 42.Qxg3+ Kh8 43.Kf2 Bxf5
44.Qf4 Bg4 45.Qxf6+ Kg8 46.Nf3 Bxf3 47.Qxf3 Qc5+ 48.Qe3  1-0

[Event "Moscow-ch"]
[Site "Moscow"]
[Date "1997.??.??"]
[Round "7"]
[White "Iochis, Daniil"]
[Black "Khamidullin, Viacheslav"]
[Result "1-0"]
[WhiteElo "2210"]
[BlackElo "2285"]

1.e4 g6 2.d4 Bg7 3.Nc3 d6 4.f4 Nc6 5.Nf3 Bg4 6.Bb5 a6 7.Bxc6+ bxc6 8.O-O Nf6
9.h3 Bxf3 10.Qxf3 Nd7 11.Be3 O-O 12.e5 c5 13.dxc5 dxe5 14.Rad1 exf4 15.Bxf4 Qe8
16.Nd5 e5 17.Nxc7 Qc8 18.Nxa8 exf4 19.Qd5 Bxb2 20.Nb6 Qxc5+ 21.Qxc5 Nxc5
22.Rxf4 Ne6 23.Re4 Kg7 24.Ra4 Rb8 25.Nd7 Rd8 26.Rd3 a5 27.Kf1 Rc8 28.c4 Bd4
29.c5 Bxc5 30.Nxc5 Rxc5 31.Rda3 Rc2 32.Rxa5 Nf4 33.g4 h5 34.gxh5 Nxh5 35.Rf3 f5
36.a4 f4 37.Rf2 Rc3 38.Kg2 Kf6 39.Ra8 Kg5 40.a5 Rg3+ 41.Kh2 Kh4 42.Ra2 Rxh3+
43.Kg1 Re3 44.Kf2 Ng3 45.Rh8+ Kg4 46.a6 Rf3+ 47.Kg2 Rf1 48.Ra3 Rc1 49.a7  1-0

[Event "Moscow-ch"]
[Site "Moscow"]
[Date "1997.??.??"]
[Round "8"]
[White "Ageichenko, Genadi A"]
[Black "Bitman, Alexander R"]
[Result "1-0"]
[WhiteElo "2355"]
[BlackElo "2250"]

1.e4 g6 2.d4 Bg7 3.Nc3 d6 4.Be3 a6 5.Qd2 Nd7 6.h4 Ngf6 7.f3 c5 8.dxc5 dxc5
9.O-O-O Qa5 10.Kb1 Ne5 11.Nh3 Nc6 12.Nf4 O-O 13.Ncd5 Qxd2 14.Rxd2 Nxd5 15.Nxd5 Bd4
16.Bg5 e6 17.Nb6 Rb8 18.c3 Be5 19.Be3 Re8 20.Bxc5 Bf4 21.Rd1 h5 22.Bf2 Bc7
23.Be2 Bxb6 24.Bxb6 e5 25.Bc4 Kg7 26.Rd6 Re7 27.Rhd1 Ra8 28.Bd5 Rb8 29.Be3 f6
30.Bc5 Rc7 31.Bb6 Re7 32.Bc4 Ra8 33.b4 Rb8 34.a4 Ra8 35.Kc2 f5 36.Kb3 fxe4
37.fxe4 Bg4 38.Rf1 Rc8 39.Bd5 Kh7 40.Bf7 Be2 41.Bxg6+ Kg7 42.Rf2 Bd1+ 43.Rxd1 Kxg6
44.Rd6+ Kg7 45.Rf5 Rf7 46.Rg5+ Kf8 47.Rxh5 Ke7 48.Bc5 Na5+ 49.Kc2 Nc4 50.Rd5+ Ke6
51.Rh6+ Rf6 52.Rxf6+ Kxf6 53.b5 axb5 54.axb5  1-0

[Event "Moscow-ch"]
[Site "Moscow"]
[Date "1997.??.??"]
[Round "9"]
[White "Izmukhambetov, Salauat"]
[Black "Gelman, Alexander"]
[Result "1-0"]
[WhiteElo "2510"]
[BlackElo "2415"]

1.e4 d6 2.d4 g6 3.Nc3 Bg7 4.f4 Nc6 5.Bb5 Bd7 6.Nf3 a6 7.Be2 e5 8.dxe5 dxe5
9.O-O Bg4 10.Qe1 Bxf3 11.Bxf3 Nd4 12.Bd1 c6 13.f5 Bh6 14.Qg3 Qe7 15.Bxh6 Nxh6
16.Na4 Ng8 17.c3 Nb5 18.b4 Nf6 19.fxg6 hxg6 20.Bb3 Rh7 21.Qf3 Nh5 22.g3 Rd8
23.Rad1 Rxd1 24.Rxd1 Qg5 25.Nc5 Nf4 26.Bc4 Qh6 27.h4 Qh5 28.Rf1 Nd6 29.Bb3 b6
30.Na4 Qxf3 31.Rxf3 Nh5 32.Bc2 Nc8 33.Bd3 b5 34.Nc5 f6 35.Kg2 Ra7 36.Nb3 Nd6
37.Rf2 f5 38.exf5 gxf5 39.Bxf5 Rg7 40.g4 Nf4+  1-0

[Event "NRW-Cup Masters op"]
[Site "Muenster"]
[Date "1997.??.??"]
[Round "2"]
[White "Gofshtein, Leonid D"]
[Black "Oschetzki, Stefan"]
[Result "1-0"]
[WhiteElo "2545"]
[BlackElo "2150"]

1.d4 g6 2.e4 Bg7 3.Nc3 d6 4.Be3 Nf6 5.h3 O-O 6.f4 Nc6 7.e5 Nh5 8.Nge2 f5
9.g3 dxe5 10.dxe5 Be6 11.Bg2 Qe8 12.Bd5 Bxd5 13.Qxd5+ e6 14.Qg2 Rd8 15.g4 fxg4
16.hxg4 Nxf4 17.Bxf4 Bxe5 18.O-O Qe7 19.Ne4 Qb4 20.c3 Qb6+ 21.Kh1 Qxb2 22.Bh6 Bg7
23.Bxg7 Kxg7 24.Ng5 Rf6 25.Qh2  1-0

[Event "NRW-Cup Masters op"]
[Site "Muenster"]
[Date "1997.??.??"]
[Round "3"]
[White "Michalczak, Thomas"]
[Black "Gofshtein, Leonid D"]
[Result "0-1"]
[WhiteElo "2275"]
[BlackElo "2545"]

1.e4 g6 2.d4 Bg7 3.Nc3 d6 4.Be3 c6 5.Qd2 b5 6.f3 Nd7 7.g4 b4 8.Nd1 Rb8 9.a3 a5
10.axb4 axb4 11.Ne2 h5 12.g5 e6 13.f4 Ne7 14.Bh3 c5 15.c3 bxc3 16.bxc3 O-O
17.O-O cxd4 18.cxd4 Nb6 19.Nb2 d5 20.e5 Nc4 21.Nxc4 dxc4 22.Rfc1 Bb7 23.Bg2 Bxg2
24.Kxg2 Rb3 25.Rc3 Qd5+ 26.Kg1 Nf5 27.Bf2 h4 28.Rxb3 cxb3 29.Qd3 b2 30.Rb1 Rb8
31.Nc3 Qb3 32.Qd2 h3 33.d5 exd5 34.Nxd5 Qf3 35.Bb6 Bf8 36.Ba7 Ra8 37.Nf6+ Kh8
38.Qf2 Qc6 39.Be3 Ra1  0-1

[Event "Murcia op"]
[Site "Murcia"]
[Date "1997.??.??"]
[Round "8"]
[White "Garcia Castro, Pablo"]
[Black "Cacho Reigadas, Sergio"]
[Result "0-1"]
[WhiteElo "2170"]
[BlackElo "2445"]

1.e4 g6 2.d4 Bg7 3.Nc3 d6 4.Be2 c6 5.h4 Qb6 6.Nf3 Bg4 7.Ng5 Bxe2 8.Nxe2 Nf6
9.Qd3 Nbd7 10.O-O O-O 11.f4 e5 12.Be3 Ng4 13.c3 Nxe3 14.Qxe3 Rae8 15.h5 h6
16.hxg6 hxg5 17.Qh3 fxg6 18.Qxd7 exd4 19.fxg5 dxc3+ 20.Kh1 cxb2 21.Rxf8+ Bxf8
22.Rf1 Re7  0-1

[Event "FIN-ch op"]
[Site "Naan"]
[Date "1997.??.??"]
[Round "?"]
[White "Tammela, Kari"]
[Black "Ruotanen, Helge"]
[Result "1-0"]
[WhiteElo "2305"]
[BlackElo "2030"]

1.e4 g6 2.d4 Bg7 3.Nc3 d6 4.f4 e5 5.dxe5 Nh6 6.exd6 cxd6 7.Nf3 O-O 8.Bd3 Re8
9.O-O Qa5 10.Nd5 Be6 11.Bd2 Qc5+ 12.Be3 Qa5 13.b4 Qd8 14.Bd4 Bxd4+ 15.Nxd4 Nc6
16.Nxc6 bxc6 17.Ne3 Qb6 18.Qd2 f5 19.exf5 Bxf5 20.Rae1 Ng4 21.Rf3 Rxe3 22.Rexe3 Re8
23.Bxf5 gxf5 24.c4 Nxe3 25.c5 dxc5 26.Qd7 Qd8 27.Qxd8 Rxd8 28.Rxe3 cxb4 29.Re2 Kf7
30.Rc2 Rd6 31.Kf2 Ke6 32.Ke3 Kd7 33.h3 a5 34.g4 Rd5 35.g5 c5 36.h4 Kc6 37.h5 Kb5
38.Rd2  1-0

[Event "New York op"]
[Site "New York"]
[Date "1997.??.??"]
[Round "?"]
[White "Sarkar, Justin"]
[Black "Zlotnikov, Mikhail"]
[Result "1-0"]
[WhiteElo "2140"]
[BlackElo "2360"]

1.e4 g6 2.d4 Bg7 3.Nc3 d6 4.Be3 c6 5.Qd2 Qa5 6.f3 Nd7 7.h4 h5 8.Nh3 b5 9.Ng5 Rb8
10.Be2 Nb6 11.b3 Nh6 12.Kf2 d5 13.a3 dxe4 14.Ngxe4 Nd5 15.Nxd5 Qxd2 16.Nc7+ Kd7
17.Nxd2 Nf5 18.Nxb5 cxb5 19.Ne4 Rd8 20.c3 Nxe3 21.Kxe3 a6 22.Rhd1 Kc6 23.f4 Kb6
24.a4 Bf5 25.axb5 axb5 26.Nc5 Ra8 27.Bf3 Rxa1 28.Rxa1 Bc8 29.Ra8 Kc7 30.Bb7 Bxb7
31.Rxd8 Kxd8 32.Nxb7+ Kc7 33.Nc5 Kc6 34.c4 bxc4 35.bxc4 e6 36.Nd3 f6 37.Ke4 Bf8
38.d5+ exd5+ 39.cxd5+ Kd6 40.f5 g5 41.hxg5 fxg5 42.f6 g4 43.Ne5 g3 44.Ng6 Bh6
45.f7 h4 46.Kf3  1-0

[Event "New York op"]
[Site "New York"]
[Date "1997.??.??"]
[Round "?"]
[White "Waitzkin, Joshua"]
[Black "Chernin, Alexander"]
[Result "0-1"]
[WhiteElo "2440"]
[BlackElo "2635"]

1.e4 d6 2.d4 g6 3.Nc3 Bg7 4.Nge2 a6 5.g3 b5 6.Bg2 Bb7 7.O-O Nd7 8.Be3 c6
9.h3 e5 10.f4 Ngf6 11.g4 exf4 12.Bxf4 Qc7 13.Qd3 O-O 14.Bg5 h6 15.Bh4 Qc8
16.Rae1 Nh7 17.Bg3 Qc7 18.Nf4 a5 19.Nd1 b4 20.Qd2 Ba6 21.Rf2 Nb6 22.Ne3 Rad8
23.c3 bxc3 24.bxc3 Nc4 25.Nxc4 Bxc4 26.Rf3 Qa7 27.Bf2 Qa6 28.h4 Nf6 29.Rg3 Nd7
30.Bf3 a4 31.h5 Ne5 32.Be2 g5 33.Ng2 Bxe2 34.Rxe2 Nc4 35.Qd3 Ra8 36.Rf3 Rfb8
37.Bg3 a3 38.Ref2 Ra7 39.Ne3 Ne5 40.Qxa6 Nxf3+ 41.Rxf3 Rxa6 42.Bxd6 Rb2 43.Rf2 Bf8
44.Bxf8 Kxf8 45.Nc4 Rb1+ 46.Rf1 Rxf1+ 47.Kxf1 c5 48.dxc5 Re6 49.Nd6 Re5 50.Ke2 Rxc5
51.Kd3 Rc6 52.e5 Rb6 53.c4 Rb3+ 54.Kc2 Rb2+ 55.Kc3 Rxa2 56.Kb3 Ra1 57.Nf5 a2
58.Nxh6 Rc1 59.Kxa2 Rxc4 60.Kb3  0-1

[Event "New York op"]
[Site "New York"]
[Date "1997.??.??"]
[Round "?"]
[White "Shabalov, Alexander"]
[Black "Weeramantry, Sunil"]
[Result "1-0"]
[WhiteElo "2555"]
[BlackElo "2265"]

1.e4 d6 2.d4 g6 3.Nc3 Bg7 4.Bg5 c6 5.Qd2 b5 6.f4 Qb6 7.e5 d5 8.h3 h5 9.Nf3 Nh6
10.Bh4 a5 11.Bf2 Na6 12.Be2 Nc7 13.O-O Bf5 14.Nh2 Qb7 15.g4 hxg4 16.hxg4 Be6
17.Nd1 a4 18.Ne3 Rd8 19.Bg3 Bc8 20.Kg2 c5 21.c3 e6 22.Nf3 Bd7 23.Rh1 cxd4
24.cxd4 Na6 25.Rh2 Ng8 26.Rxh8 Bxh8 27.Rh1 Bg7 28.Bd3 Bc6 29.Rh7 Bf8 30.f5 gxf5
31.gxf5 Rd7 32.Ng5 Nc5 33.Rh8 Ne7 34.Nh7  1-0

[Event "New York op"]
[Site "New York"]
[Date "1997.??.??"]
[Round "?"]
[White "Thorhallsson, Throstur"]
[Black "Gulko, Boris F"]
[Result "1/2-1/2"]
[WhiteElo "2500"]
[BlackElo "2595"]

1.e4 g6 2.d4 Bg7 3.Nc3 d6 4.f4 Nf6 5.Nf3 O-O 6.Bd3 Na6 7.O-O c5 8.d5 Bg4
9.h3 Bxf3 10.Rxf3 Nc7 11.a4 a6 12.Qe2 e6 13.dxe6 Nxe6 14.Rf1 Nd4 15.Qf2 Qd7
16.Be3 Rfe8 17.Rae1 b5 18.axb5 Nxb5 19.Bd2 c4 20.Bxc4 Nxc3 21.Bxc3 Nxe4 22.Rxe4 Rxe4
23.Bd5 Rae8 24.Bxg7 Kxg7 25.Bxe4 Rxe4 26.f5 Qxf5  1/2-1/2

[Event "JUG-chT"]
[Site "Niksic"]
[Date "1997.??.??"]
[Round "3"]
[White "Kosic, Dragan"]
[Black "Strikovic, Aleksa"]
[Result "1/2-1/2"]
[WhiteElo "2510"]
[BlackElo "2560"]

1.d4 g6 2.e4 Bg7 3.Nc3 d6 4.Be3 c6 5.Qd2 Nd7 6.Nf3 e5 7.O-O-O Qe7 8.Bd3 Ngf6
9.Bh6 O-O 10.Bxg7 Kxg7 11.Kb1 b5 12.Ne2 Nb6 13.Ng3 Bg4 14.dxe5 dxe5 15.h3 Bxf3
16.gxf3 Na4 17.h4 Rad8 18.h5 Kh8 19.b3 Nc5 20.Qc3 Nxd3 21.Rxd3  1/2-1/2

[Event "JUG-chT"]
[Site "Niksic"]
[Date "1997.??.??"]
[Round "5"]
[White "Vujosevic, Vladimir"]
[Black "Vujadinovic, Goran"]
[Result "1/2-1/2"]
[WhiteElo "2430"]
[BlackElo "2390"]

1.e4 d6 2.d4 g6 3.Nc3 Bg7 4.Be3 a6 5.Qd2 b5 6.a4 b4 7.Nd1 a5 8.c3 bxc3 9.bxc3 Nf6
10.f3 O-O 11.Bd3 c6 12.Ne2 Nbd7 13.O-O e5 14.Nf2 d5 15.Bh6 Bxh6 16.Qxh6 Ba6
17.Bxa6 Rxa6 18.f4 exd4 19.e5 Ne8 20.Nxd4 c5 21.Nf3 f6 22.Ng4 Ng7 23.Ne3 d4
24.cxd4 cxd4 25.Nxd4 Nxe5 26.Rad1 Nf7 27.Qh4 Rd6 28.Nb5 Nf5 29.Rxd6  1/2-1/2

[Event "JUG-chT"]
[Site "Niksic"]
[Date "1997.??.??"]
[Round "6"]
[White "Ivanovic, Bozidar"]
[Black "Sakaev, Konstantin"]
[Result "1-0"]
[WhiteElo "2500"]
[BlackElo "2590"]

1.e4 g6 2.d4 Bg7 3.Nc3 d6 4.Bg5 a6 5.Qd2 b5 6.Nf3 Nc6 7.h3 Bb7 8.a4 b4 9.Nd5 h6
10.Be3 e6 11.Nxb4 Nxb4 12.Qxb4 Bxe4 13.Nd2 Bc6 14.Nc4 Ne7 15.Na5 O-O 16.Qd2 Kh7
17.Nxc6 Nxc6 18.Be2 f5 19.f4 Qh4+ 20.Bf2 Qf6 21.Bf3 d5 22.Rd1 Rab8 23.O-O Rb4
24.c3 Rb3 25.Qe2 Ra8 26.Rfe1 Nd8 27.Kh1 a5 28.Rd2 Rab8 29.Bg3 R3b6 30.Kh2 Bf8
31.Qf2 Nb7 32.Qe2 Qf7 33.Bf2 Qe8 34.g4 Qxa4 35.gxf5 gxf5 36.Rg1 Qe8 37.Bh4 Bd6
38.Qe3 Qf7 39.Rdg2 Bf8 40.b4 axb4 41.Bh5  1-0

[Event "JUG-chT"]
[Site "Niksic"]
[Date "1997.??.??"]
[Round "7"]
[White "Marinkovic, Ivan"]
[Black "Vujadinovic, Goran"]
[Result "1/2-1/2"]
[WhiteElo "2505"]
[BlackElo "2390"]

1.e4 d6 2.d4 g6 3.Nc3 Bg7 4.g3 Nc6 5.Be3 e5 6.dxe5 Nxe5 7.h3 Ne7 8.f4 N5c6
9.Nge2 f5 10.exf5 Nxf5 11.Bf2 Be6 12.Bg2 O-O 13.g4 Nfe7 14.Qd2 Qd7 15.O-O-O Rae8
16.Rhe1 Bf7 17.Kb1 a6 18.Ne4 Kh8 19.Ng5 Bg8 20.Nc3 b5 21.a3 Rb8  1/2-1/2

[Event "Nova Gorica op"]
[Site "Nova Gorica"]
[Date "1997.??.??"]
[Round "4"]
[White "Krstic, Uros"]
[Black "Delchev, Aleksander"]
[Result "0-1"]
[WhiteElo "2270"]
[BlackElo "2515"]

1.e4 g6 2.d4 Bg7 3.Nc3 d6 4.Nf3 Nf6 5.Be2 O-O 6.O-O c6 7.a4 Qc7 8.Bf4 Nbd7
9.Qd2 e5 10.Bh6 b6 11.Bxg7 Kxg7 12.Rfe1 a6 13.Bc4 Bb7 14.dxe5 dxe5 15.Rad1 b5
16.Ba2 Qa5 17.axb5 axb5 18.Bb3 Nc5 19.Qg5 Qc7 20.Nh4 Bc8 21.Nf5+ Bxf5 22.exf5 b4
23.Ne2 Nce4 24.Qh4 Qb6 25.Rf1 Rfd8 26.Rde1 Nd2 27.fxg6 hxg6 28.Ng3 c5 29.Rxe5 Nxf1
30.Nf5+ gxf5 31.Qg5+ Kh8 32.Qh6+ Nh7 33.Qxb6 Rd1 34.h3 Nd2+ 35.Kh2 Rg8 36.g4 Nf3+
37.Kg3 Nxe5 38.Kf4 Re1 39.gxf5 c4 40.Ba4 f6 41.Qxb4 Re2 42.Qc5 Ng5 43.Qa3  0-1

[Event "Nova Gorica op"]
[Site "Nova Gorica"]
[Date "1997.??.??"]
[Round "6"]
[White "Horvath, Csaba"]
[Black "Gofshtein, Leonid D"]
[Result "1/2-1/2"]
[WhiteElo "2485"]
[BlackElo "2530"]

1.d4 d6 2.e4 g6 3.Nc3 Bg7 4.Nf3 Nf6 5.Be2 O-O 6.O-O Nc6 7.d5 Nb8 8.Be3 Bg4
9.Nd2 Bxe2 10.Qxe2 c6 11.a4 a5 12.Rad1 Qc7 13.Nc4 Nfd7 14.Bd4  1/2-1/2

[Event "RUS-Cup9"]
[Site "Novgorod"]
[Date "1997.??.??"]
[Round "4"]
[White "Marusenko, Petr"]
[Black "Sokolov, Andrei"]
[Result "1-0"]
[WhiteElo "2285"]
[BlackElo "2580"]

1.e4 g6 2.d4 Bg7 3.Nc3 d6 4.Be3 Nf6 5.f3 O-O 6.Qd2 e5 7.Nge2 Nbd7 8.g4 c6
9.h4 b5 10.a3 Bb7 11.h5 Qe7 12.O-O-O a5 13.Bh6 b4 14.Nb1 Bxh6 15.Qxh6 exd4
16.Nxd4 Ne5 17.Be2 c5 18.Nb5 Rad8 19.g5 Nxh5 20.f4 Bxe4 21.Bxh5 gxh5 22.fxe5 Bxh1
23.Rxh1 Qxe5 24.Qxh5 Qf5 25.Nd2 Rfe8 26.Nc4 Re6 27.Nc7 Re4 28.Nd5 Re6 29.Nce3 Qg6
30.Qg4 Rde8 31.Nf6+ Rxf6 32.gxf6 Kf8 33.Qf4 Re6 34.Nd5 Qg2 35.Qh6+ Ke8 36.Nc7+  1-0